Datum a čas kvízu

18.5 Celkem bodů Celkový počet nahraných bodů na tomto kvízu bez doplňovacích otázek.
9. Pořadí na kvízu Konečné umístění týmu na tomto kvízu.

Zaznamenané odpovědi

# Otázka Odpověď Body Výsledky
1. Obyvatelé Ostravy se po 21 let... (Moravskoslezská vědecká) knihovna 0
2. Ve vysílání maďarské státní te... Bratislavský hrad 1
3. Režisér Karel Janák minulý týd... Snowboarďáci 1
4. Skupina Seyfor vedená Martinem... Dotykačka 0
5. Česká rychlobruslařka Martina... Nikola Zdráhalová 0
6. Podíváme se na několik známých... Cheops / Chufu (Chufev) 0
7. V Egyptě ještě chvíli zůstanem... Hatšepsut (Hatšepsovet) 0
8. Kdo je pohřben pod tímto náhro... Josef Skupa 0
9. Tento hřbitov je situován při... Arlingtonský 0
10. V poslední otázce tématu se po... Kolja 1